• 首页
  • 本馆介绍
  • 公告通知
  • 最新文献
  • 馆藏检索
  • 电子资源
  • 读者导购
  • 参考咨询
  • 我的图书馆
  • 登录
  • 详细信息显示
  • 放入我的书架
  • 预约/预借图书
  • 作者相关作品
  • 分类相关作品
  • 丛书相关作品
  • 出版社相关作品

书目信息

  • 表格格式
  • 工作单格式
  • 卡片格式
题名:
曾国藩全集
    
 
作者: 李瀚章
分册: 第四卷  
出版信息:   中国致公出版社  
页数: 1610页
开本: 24cm
丛书名:
单 册:
中图分类: C379
科图分类:
主题词:
电子资源:
ISBN:
000 00467nam0 2200157 450
001 202411063134843062
005 20241106165239.22
100    @a20241106d km y0chiy0120 ea
101 0  @achi
200 1  @a曾国藩全集@ACeng Guo Fan Quan Ji@h第四卷@f李瀚章@FLi Han Zhang
210    @c中国致公出版社
215    @a1610页@d24cm
690    @aC379@v4
701  0 @a李瀚章@ALi Han Zhang
801  0 @aCN@b大连网信软件有限公司图书馆·11@c20241106
905    @aZUCC@b1431092@dC379@e508:4@f1
    
    曾国藩全集.第四卷/李瀚章.-中国致公出版社
    1610页;24cm
    
    
    ISBN :
    
●
相关链接 在E读中查询图书 在五车中查询图书 在当当中查询图书 在豆瓣中查询图书


正题名:曾国藩全集     索取号:C379/508:4         预约/预借

序号 登录号 条形码 馆藏地/架位号 状态 备注
1 1431092   214310921   密集书库-史法系/ [索取号:C379/508:4] 在馆    
唐山师范学院图书馆 欢迎您!
大连网信软件有限公司© 版权所有